LEADER 00403nab a2200133 i 4500 001 000000264703 003 CaOOAMICUS 005 20180831164705.0 008 180831n xx uu u0 0und r 013 $a7522 040 $aSeMil$bita 245 10$a[vedi periodico]. 773 0 $tArtigiano e artigianato.$dMilano : Centro Sociale Ambrosiano, 2006.$w()152390 996 $6245$a[vedi periodico]$9(OLS)http://semarc/title/309439 LEADER 00770naa a2200133 i 4500 001 000000319408 003 CaOOAMICUS 005 20180831173306.0 008 180831n it u000 u ita u 013 $a29134 040 $aSeMil$bita 245 14$aThe fundamental principles of social doctrine. The issue of their interpretation. 773 0 $aArcher, Margaret Scotford$tPursuing the common good: how solidarity and subsidiarity can work together.$dVatican City : Pontificia Academia Scientiarum, 2008.$kPontificiae academiae scientiarum = The pontifical academy of social sciences$kPontificiae academiae scientiarum acta$z978-88-86726-23-8$gp.45-56$w()177848 996 $6245$aThe fundamental principles of social doctrine. The issue of their interpretation$9(OLS)http://semarc/title/393181